| 000 | 00514nam a22001697a 4500 | ||
|---|---|---|---|
| 005 | 20231109120808.0 | ||
| 008 | 231109b |||||||| |||| 00| 0 eng d | ||
| 041 | _aEnglish | ||
| 082 | _a346.2 DEV | ||
| 100 |
_aKnight, DB _lEnglish |
||
| 245 |
_aThe Law of Agency in South Africa / _cDB Knight |
||
| 250 | _aSecond Edition | ||
| 260 |
_aCape Town : _bJuta and Company Ltd, _c1956 |
||
| 300 |
_bxxviii, 383 pages ; _c26 cm. |
||
| 650 |
_aLegal practice _bLaw |
||
| 942 |
_cBK _6ALISON_BN_VRIES |
||
| 999 |
_c472 _d472 |
||